[Event "Titled Tuesday intern op 16th Feb"]
[Site "Chess.com INT"]
[Date "2021.02.16"]
[Round "3"]
[White "Zomorrodian, Eilia"]
[Black "Cadilhac, Igor Tokuichi Kikuc"]
[Result "0-1"]
[WhiteElo "2155"]
[BlackElo "2323"]
[PlyCount "164"]
[EventDate "2021.02.16"]
[EventType "swiss (blitz)"]
[EventRounds "11"]
[EventCountry "USA"]
[SourceTitle "EXT 2022"]
[Source "ChessBase"]
[SourceDate "2021.10.06"]
[SourceVersion "1"]
[SourceVersionDate "2021.10.06"]
[SourceQuality "1"]

1. e4 e5 2. Nf3 Nf6 3. Nc3 Bb4 4. Bc4 0-0 5. 0-0 Nc6 6. d3 Bxc3 7. bxc3 d5 8. exd5 Nxd5 9. Re1 Bg4 10. Bb2 Nb6 11. Bb5 Qf6 12. h3 Bxf3 13. Qxf3 Qxf3 14. gxf3 f6 15. d4 exd4 16. cxd4 a6 17. Bxc6 bxc6 18. Re7 Nd5 19. Re6 Rfe8 20. Rxc6 Re2 21. Rd1 Rae8 22. Kf1 h5 23. Bc1 R2e6 24. Rxe6 Rxe6 25. c4 Nb4 26. a3 Nc6 27. d5 Rd6 28. Bf4 Rd7 29. Rd2 Na5 30. Rc2 Nb3 31. Rc3 Nc5 32. Be3 Nb7 33. Ke2 Nd6 34. c5 Nb5 35. Rd3 Kf7 36. a4 Na7 37. c6 Re7 38. Kd2 Nc8 39. Bc5 Re5 40. f4 Re4 41. d6 cxd6 42. Bxd6 Rc4 43. c7 Rc6 44. Bb4 Rxc7 45. Ba5 Rb7 46. Ke3 Ne7 47. Bc3 Nf5+ 48. Ke4 g6 49. a5 Re7+ 50. Kf3 Nh4+ 51. Kg3 Nf5+ 52. Kg2 Nh4+ 53. Kh2 Nf5 54. Bb2 Rb7 55. Ba1 Rb5 56. Bc3 Ke6 57. Rd8 Nd6 58. Bxf6 Nf7 59. Bg5 Nxd8 60. Bxd8 Kf5 61. Kg3 Rb3+ 62. f3 Ra3 63. Bb6 Ra4 64. Bc7 Ra1 65. Bb6 Ra2 66. Bc7 Ra4 67. Bb6 Rxf4 68. Bc7 Ra4 69. Bb6 h4+ 70. Kg2 Ra2+ 71. Bf2 Kf4 72. Kg1 g5 73. Be1 Kxf3 74. Bb4 Ra1+ 75. Kh2 Ra2+ 76. Kg1 Ra4 77. Bd6 Rxa5 78. Be7 Ra1+ 79. Kh2 Ra2+ 80. Kg1 Rg2+ 81. Kh1 Re2 82. Bxg5 Kg3 0-1

[Event "Titled Tuesday intern op 19th Jan"]
[Site "Chess.com INT"]
[Date "2021.01.19"]
[Round "5"]
[White "Orantes Taboada, Francisco"]
[Black "Zomorrodian, Eilia"]
[Result "0-1"]
[WhiteElo "2286"]
[BlackElo "2155"]
[PlyCount "82"]
[EventDate "2021.01.19"]
[EventType "swiss (blitz)"]
[EventRounds "11"]
[EventCountry "USA"]
[SourceTitle "CBM 200 Extra"]
[Source "ChessBase"]
[SourceDate "2021.03.31"]
[SourceVersion "1"]
[SourceVersionDate "2021.03.31"]
[SourceQuality "1"]

1. Nf3 Nf6 2. g3 g6 3. b3 Bg7 4. Bb2 0-0 5. Bg2 d6 6. d4 c5 7. 0-0 Nc6 8. c4 a6 9. Nc3 Rb8 10. dxc5 dxc5 11. Nd5 Be6 12. Nxf6+ exf6 13. Qxd8 Rfxd8 14. Rfd1 b5 15. cxb5 axb5 16. Rxd8+ Rxd8 17. Rc1 c4 18. bxc4 Bxc4 19. a4 Bxe2 20. axb5 Bxb5 21. Ng5 fxg5 22. Bxg7 Kxg7 23. Bxc6 Rc8 24. Bxb5 Rxc1+ 25. Kg2 h5 26. h3 Kf6 27. Kf3 Rc3+ 28. Kg2 g4 29. hxg4 hxg4 30. Be2 Kg5 31. Bb5 f5 32. Bd7 f4 33. gxf4+ Kxf4 34. Be8 g5 35. Bd7 Rc2 36. Bc8 Rxc8 37. Kh2 Rc2 38. Kg1 Kf3 39. Kh2 g3+ 40. Kh3 gxf2 41. Kh2 f1Q# 0-1

[Event "Titled Tuesday intern op 19th Jan"]
[Site "Chess.com INT"]
[Date "2021.01.19"]
[Round "4"]
[White "Theil, Carey"]
[Black "Zomorrodian, Eilia"]
[Result "0-1"]
[WhiteElo "2158"]
[BlackElo "2155"]
[PlyCount "86"]
[EventDate "2021.01.19"]
[EventType "swiss (blitz)"]
[EventRounds "11"]
[EventCountry "USA"]
[SourceTitle "CBM 200 Extra"]
[Source "ChessBase"]
[SourceDate "2021.03.31"]
[SourceVersion "1"]
[SourceVersionDate "2021.03.31"]
[SourceQuality "1"]

1. e4 c5 2. Nf3 e6 3. Qe2 a6 4. g3 b5 5. Bg2 Bb7 6. 0-0 d6 7. d4 cxd4 8. Nxd4 Nd7 9. Rd1 Ngf6 10. a4 b4 11. Bg5 Qc7 12. c3 bxc3 13. Nxc3 Be7 14. Rac1 Qa5 15. e5 Bxg2 16. exf6 Qxg5 17. fxe7 Bb7 18. Ndb5 axb5 19. Nxb5 Kxe7 20. Nxd6 Bd5 21. f4 Qf6 22. Rxd5 Rhb8 23. Rc7 Kf8 24. Rd2 Rd8 25. Nb7 Nb6 26. Nxd8 Rxd8 27. Rxd8+ Qxd8 28. Qc2 Qd4+ 29. Kg2 Nd5 30. Qc5+ Qxc5 31. Rxc5 Ke7 32. a5 Kd6 33. Rc4 Ne3+ 34. Kf3 Nxc4 35. b4 Kc6 36. Ke4 Kb5 37. f5 Nd6+ 38. Ke5 Nxf5 39. g4 Ne3 40. Kd6 Nxg4 41. Ke7 Nxh2 42. Kxf7 e5 43. Kxg7 e4 0-1